[Event "II Festival Panza A"]
[Site "Forio ITA"]
[Date "2010.07.24"]
[Round "9"]
[White "Manca, Federico"]
[Black "Rotstein, Arkadij"]
[Result "1/2-1/2"]
[WhiteElo "2356"]
[BlackElo "2527"]
[PlyCount "133"]
[EventDate "2010.07.17"]

1. e4 c5 2. c3 Nf6 3. e5 Nd5 4. d4 cxd4 5. Nf3 e6 6. cxd4 b6 7. Nc3 Nxc3 8.
bxc3 Qc7 9. Bd2 Be7 10. Bd3 Ba6 11. Bxa6 Nxa6 12. Qe2 Nb8 13. O-O O-O 14. Qe4
Qc6 15. Qg4 f5 16. exf6 Bxf6 17. Bg5 Qd5 18. c4 Qd6 19. Bf4 Qb4 20. Ne5 Bxe5
21. Bxe5 Rf7 22. Rac1 Nc6 23. Bg3 Rc8 24. Qd1 Na5 25. d5 Rxc4 26. dxe6 dxe6 27.
Rxc4 Qxc4 28. Qd8+ Rf8 29. Qd7 Nc6 30. Re1 Rd8 31. Qc7 Qd5 32. h3 h6 33. Kh2
Rd7 34. Qc8+ Kh7 35. Rc1 Ne7 36. Qe8 b5 37. Rc5 Qxc5 38. Qxd7 e5 39. Qe6 Ng6
40. h4 Qe7 41. Qf5 Qf6 42. Qe4 h5 43. Qe2 b4 44. Qxh5+ Kg8 45. Qg4 a5 46. Qe4
Qb6 47. h5 Nf8 48. f3 Qe6 49. Bxe5 Qxa2 50. Qa8 Qf7 51. Qxa5 Qxh5+ 52. Kg1 b3
53. Qc3 Qf7 54. Bxg7 Qxg7 55. Qxb3+ Kh7 56. Qd5 Qa7+ 57. Kh2 Qc7+ 58. g3 Ng6
59. Qh5+ Kg7 60. Qg5 Qc2+ 61. Kh3 Qd1 62. f4 Kf7 63. Kh2 Qe2+ 64. Kh3 Qf3 65.
Kh2 Qf2+ 66. Kh3 Qe2 67. Qf5+ 1/2-1/2

[Event "II Festival Panza A"]
[Site "Forio ITA"]
[Date "2010.07.24"]
[Round "9"]
[White "Meijers, Viesturs"]
[Black "Ortega, Lexy"]
[Result "1-0"]
[WhiteElo "2474"]
[BlackElo "2488"]
[PlyCount "37"]
[EventDate "2010.07.17"]

1. c4 c6 2. Nf3 d5 3. b3 Nf6 4. Bb2 Bg4 5. e3 e6 6. Be2 Nbd7 7. O-O Bd6 8. Nc3
O-O 9. d4 Ne4 10. Nxe4 dxe4 11. Ne5 Bxe2 12. Qxe2 Bxe5 13. dxe5 Qg5 14. f4 exf3
15. Rxf3 Qh5 16. Qf2 Nxe5 17. Rh3 Qg5 18. Rg3 Qh5 19. Qf6 1-0

[Event "II Festival Panza A"]
[Site "Forio ITA"]
[Date "2010.07.24"]
[Round "9"]
[White "De Rosa, Mariagrazia"]
[Black "Gaponenko, Inna"]
[Result "0-1"]
[WhiteElo "2073"]
[BlackElo "2465"]
[PlyCount "48"]
[EventDate "2010.07.17"]

1. e4 c5 2. Nf3 Nc6 3. d4 cxd4 4. Nxd4 g6 5. Nc3 Bg7 6. Be3 d6 7. Qd2 Nf6 8. f3
O-O 9. Bc4 Bd7 10. O-O-O Rc8 11. Bb3 Ne5 12. h4 h5 13. Bg5 Rc5 14. Nde2 b5 15.
Nf4 a5 16. a3 b4 17. axb4 axb4 18. Ncd5 Nxd5 19. Nxd5 Qa5 20. Nxe7+ Kh7 21.
Qxd6 Nxf3 22. gxf3 Bc3 23. bxc3 bxc3 24. Kb1 Ra8 0-1

[Event "II Festival Panza A"]
[Site "Forio ITA"]
[Date "2010.07.24"]
[Round "9"]
[White "Hamperl, Fred"]
[Black "Safranska, Anda"]
[Result "1-0"]
[WhiteElo "2084"]
[BlackElo "2288"]
[PlyCount "55"]
[EventDate "2010.07.17"]

1. e4 Nf6 2. e5 Nd5 3. d4 c6 4. f4 d6 5. Nf3 Bg4 6. Be2 e6 7. O-O Be7 8. c4 Nc7
9. Nc3 O-O 10. Be3 Nd7 11. a3 f6 12. exd6 Bxd6 13. Nh4 Bxe2 14. Qxe2 Be7 15.
Rad1 Qe8 16. f5 e5 17. d5 cxd5 18. cxd5 Bd6 19. Ne4 Qe7 20. Qh5 Rfd8 21. Ng6
hxg6 22. fxg6 Nf8 23. Rf3 Ne8 24. Rh3 Nxg6 25. Qxg6 Rac8 26. Rf1 Qf8 27. Ng5
fxg5 28. Qh7# 1-0

[Event "II Festival Panza A"]
[Site "Forio ITA"]
[Date "2010.07.24"]
[Round "9"]
[White "Looijmans, Karel"]
[Black "Scharrer, Patrick"]
[Result "0-1"]
[WhiteElo "2104"]
[BlackElo "2253"]
[PlyCount "87"]
[EventDate "2010.07.17"]

1. e4 g6 2. d4 Bg7 3. Nc3 d6 4. Be3 a6 5. h3 b5 6. a4 b4 7. Na2 Bb7 8. Bd3 Nd7
9. Nxb4 c5 10. dxc5 Nxc5 11. c3 Nxe4 12. Bxe4 Bxe4 13. f3 Bb7 14. a5 Nf6 15.
Ne2 O-O 16. O-O Nd7 17. Qd2 Ne5 18. Bd4 Nc4 19. Qc2 Bxd4+ 20. Nxd4 Ne3 21. Qe2
Nxf1 22. Rxf1 e5 23. Ndc6 Bxc6 24. Nxc6 Qc7 25. Qe4 Rac8 26. Nb4 Qxa5 27. Rd1
Qc5+ 28. Kh2 a5 29. Nd5 Kg7 30. Qh4 f6 31. f4 Rf7 32. b4 axb4 33. cxb4 Qc2 34.
Re1 Qd2 35. Ne3 exf4 36. Nf1 Qxb4 37. Ne3 Qd2 38. Nf1 Qd4 39. Ne3 Qd2 40. Nf1
Qa5 41. Re4 f3 42. gxf3 Rc2+ 43. Kh1 Qg5 44. Re7 0-1

[Event "II Festival Panza A"]
[Site "Forio ITA"]
[Date "2010.07.24"]
[Round "9"]
[White "Taglialatela, Massimiliano"]
[Black "Caprio, Guido"]
[Result "0-1"]
[WhiteElo "2047"]
[BlackElo "2250"]
[PlyCount "74"]
[EventDate "2010.07.17"]

1. e4 c5 2. Nf3 d6 3. Bb5+ Bd7 4. Bxd7+ Qxd7 5. O-O Nf6 6. Re1 Nc6 7. d4 cxd4
8. Nxd4 g6 9. c3 Bg7 10. Nd2 O-O 11. N2f3 d5 12. exd5 Nxd5 13. Bg5 Nxd4 14.
Nxd4 h6 15. Bh4 Rae8 16. Qd2 e6 17. Rad1 b5 18. Qe2 a6 19. Bg3 h5 20. a4 bxa4
21. Qxa6 Ra8 22. Qc6 Qxc6 23. Nxc6 Rfc8 24. Rxd5 Rxc6 25. Rd6 Rcc8 26. Be5 Bxe5
27. Rxe5 Rcb8 28. Rd1 Rxb2 29. Kf1 Rc2 30. Re3 a3 31. Ra1 Rb8 32. Rxa3 Rb1+ 33.
Re1 Rbb2 34. Kg1 Rxf2 35. Rb3 Rxg2+ 36. Kh1 Rxh2+ 37. Kg1 Rxb3 0-1

[Event "II Festival Panza A"]
[Site "Forio ITA"]
[Date "2010.07.24"]
[Round "9"]
[White "Pegoraro, Nicola"]
[Black "Lamagna, Mario"]
[Result "1-0"]
[WhiteElo "2036"]
[BlackElo "2009"]
[PlyCount "57"]
[EventDate "2010.07.17"]

1. e4 e5 2. Nf3 Nc6 3. d4 exd4 4. Bc4 Nf6 5. O-O Bc5 6. e5 d5 7. exf6 dxc4 8.
Re1+ Be6 9. Ng5 Qd5 10. Nc3 Qf5 11. Nce4 O-O-O 12. g4 Qe5 13. Nxe6 fxe6 14. Bg5
gxf6 15. Bxf6 Qd5 16. Bxh8 Rxh8 17. Nxc5 Qxc5 18. Rxe6 d3 19. cxd3 Nd4 20. Re3
h5 21. dxc4 Rg8 22. Re4 Nf5 23. Qd5 Qf8 24. Qe6+ Kd8 25. Rf4 Rxg4+ 26. Rxg4
hxg4 27. Rd1+ Nd6 28. c5 Qf3 29. Qd5 1-0

[Event "II Festival Panza A"]
[Site "Forio ITA"]
[Date "2010.07.24"]
[Round "9"]
[White "Andreoli, Mark"]
[Black "Brookes, Christopher"]
[Result "1/2-1/2"]
[WhiteElo "2013"]
[BlackElo "2023"]
[PlyCount "80"]
[EventDate "2010.07.17"]

1. e4 c5 2. d4 cxd4 3. c3 dxc3 4. Nxc3 Nc6 5. Nf3 e6 6. Bc4 a6 7. O-O Nge7 8.
Bg5 f6 9. Be3 Ng6 10. Nd4 Nxd4 11. Bxd4 Be7 12. Qh5 O-O 13. Bb3 Kh8 14. f4 e5
15. fxe5 fxe5 16. Rxf8+ Qxf8 17. Rf1 Bf6 18. Be3 Nf4 19. Bxf4 exf4 20. Rxf4 d6
21. Nd5 Bd7 22. Nxf6 gxf6 23. Rh4 Qg7 24. Bf7 Rc8 25. Bg6 h6 26. Qxh6+ Qxh6 27.
Rxh6+ Kg7 28. Rh7+ Kxg6 29. Rxd7 Rc1+ 30. Kf2 Rc2+ 31. Kf3 Rxb2 32. Rxd6 Rxa2
33. e5 Ra3+ 34. Ke4 Ra4+ 35. Kd3 Ra3+ 36. Kc4 Ra4+ 37. Kb3 Re4 38. exf6 Rf4 39.
Rb6 Rxf6 40. Rxb7 Rf2 1/2-1/2

[Event "II Festival Panza A"]
[Site "Forio ITA"]
[Date "2010.07.24"]
[Round "9"]
[White "Graziani, Sergio"]
[Black "Magaldi, Giuseppe"]
[Result "1-0"]
[WhiteElo "1919"]
[BlackElo "1458"]
[PlyCount "65"]
[EventDate "2010.07.17"]

1. c4 e5 2. Nc3 a6 3. Nf3 d6 4. d4 Be6 5. d5 Bf5 6. Qb3 b6 7. e4 Bg6 8. Be3 Nd7
9. Be2 Ngf6 10. Nd2 Be7 11. g4 O-O 12. h4 h6 13. O-O-O a5 14. a4 Nc5 15. Qc2
Qd7 16. h5 Bh7 17. g5 Ng4 18. Bxg4 Qxg4 19. Rdg1 Qd7 20. gxh6 g6 21. Nf3 g5 22.
Nxg5 Bxg5 23. Bxg5 f6 24. Bxf6+ Kf7 25. Rg7+ Kxf6 26. Rxd7 Nxd7 27. Qe2 Ke7 28.
Qg4 Rg8 29. Qe6+ Kd8 30. Qf7 Nf8 31. Nb5 Rc8 32. Na7 Nd7 33. Nc6# 1-0

[Event "II Festival Panza A"]
[Site "Forio ITA"]
[Date "2010.07.24"]
[Round "9"]
[White "Heikkila, Antti"]
[Black "Basso, Pier Luigi"]
[Result "1-0"]
[WhiteElo "2045"]
[BlackElo "1689"]
[PlyCount "89"]
[EventDate "2010.07.17"]

1. c4 Nf6 2. d4 d5 3. cxd5 Nxd5 4. e4 Nf6 5. Nc3 e6 6. Nf3 b6 7. Bc4 Bb7 8. Bg5
Be7 9. Bxf6 Bxf6 10. e5 Be7 11. d5 exd5 12. Bxd5 c6 13. Bb3 O-O 14. O-O Na6 15.
Ne4 Nc5 16. Nxc5 Bxc5 17. Qxd8 Raxd8 18. Rad1 Be7 19. e6 fxe6 20. Bxe6+ Kh8 21.
Ne5 Rxd1 22. Rxd1 Bc8 23. Bxc8 Rxc8 24. Rd7 Bf6 25. f4 a5 26. b3 Kg8 27. Rb7 b5
28. Nd7 Rd8 29. g4 Bd4+ 30. Kg2 Re8 31. Rb8 Rxb8 32. Nxb8 c5 33. Nc6 Be3 34.
Nxa5 Bxf4 35. a4 Bd2 36. Nc6 bxa4 37. bxa4 c4 38. Kf3 Bg5 39. Ke4 h5 40. a5 c3
41. Kd3 c2 42. Kxc2 hxg4 43. Kd3 Bh4 44. a6 Bf2 45. Nd4 1-0

[Event "X Open"]
[Site "Condino ITA"]
[Date "2010.07.26"]
[Round "1"]
[White "Bettalli, Marco"]
[Black "Caldara, Sisto"]
[Result "1-0"]
[WhiteElo "2074"]
[BlackElo "1803"]
[PlyCount "47"]
[EventDate "2010.07.26"]

1. Nf3 d6 2. g3 f5 3. Bg2 Nf6 4. c4 g6 5. Nc3 Bg7 6. Qc2 c6 7. O-O O-O 8. a3 a5
9. Rb1 e5 10. b4 axb4 11. axb4 Be6 12. d3 Na6 13. b5 Nc5 14. Be3 Bd7 15. Bxc5
dxc5 16. Nxe5 Ra3 17. bxc6 bxc6 18. Nxc6 Qe8 19. Nb5 Rxd3 20. Nc7 Bxc6 21. Nxe8
Rd8 22. Bxc6 Nxe8 23. Bxe8 Rfxe8 24. Rfd1 1-0

[Event "X Open"]
[Site "Condino ITA"]
[Date "2010.07.26"]
[Round "1"]
[White "Brunello, Roberta"]
[Black "Galas, Franco"]
[Result "1-0"]
[WhiteElo "2064"]
[BlackElo "1771"]
[PlyCount "115"]
[EventDate "2010.07.26"]

1. e4 c5 2. c3 Nc6 3. d4 cxd4 4. cxd4 e6 5. Nf3 g6 6. Nc3 Bg7 7. Nb5 Qa5+ 8.
Bd2 Qd8 9. Nd6+ Kf8 10. Bc3 Qe7 11. e5 Nh6 12. Qb3 Nf5 13. Nxc8 Rxc8 14. Qxb7
Rb8 15. Qa6 Bh6 16. a3 Rb6 17. Qa4 Kg7 18. Bb5 Ra8 19. O-O Nh4 20. Nxh4 Qxh4
21. Bxc6 Rxc6 22. Rad1 a6 23. Rd3 Qd8 24. d5 exd5 25. e6+ Rxc3 26. bxc3 dxe6
27. c4 d4 28. Rfd1 Kg8 29. c5 Bg7 30. c6 Qc7 31. Rb3 Rc8 32. Rc1 Qf4 33. Qc4
Be5 34. g3 Qf6 35. Qxa6 Qd8 36. Qc4 h5 37. Rb7 Bc7 38. a4 h4 39. Kg2 hxg3 40.
hxg3 Qd6 41. Rd1 e5 42. a5 Qf6 43. a6 e4 44. Kg1 e3 45. fxe3 Qf3 46. a7 Qxg3+
47. Kf1 Qf3+ 48. Kg1 Qxe3+ 49. Kf1 Qf3+ 50. Ke1 Re8+ 51. Kd2 Bf4+ 52. Kc2 d3+
53. Rxd3 Qe2+ 54. Kb3 Rf8 55. Rxf7 Rxf7 56. a8=Q+ Kg7 57. Qa2 Qe8 58. Qa5 1-0

[Event "X Open"]
[Site "Condino ITA"]
[Date "2010.07.26"]
[Round "1"]
[White "Buglisi, Massimo"]
[Black "Dittmar, Peter"]
[Result "0-1"]
[WhiteElo "1879"]
[BlackElo "2326"]
[PlyCount "52"]
[EventDate "2010.07.26"]

1. d4 Nf6 2. c4 e6 3. Nc3 Bb4 4. f3 O-O 5. e4 d6 6. Bd3 e5 7. d5 Bxc3+ 8. bxc3
Na6 9. Ne2 Nc5 10. Bc2 Nfd7 11. O-O Nb6 12. Bd3 f5 13. exf5 Bxf5 14. Bxf5 Rxf5
15. Ng3 Rf7 16. Qe2 Qh4 17. Be3 Qxc4 18. Qxc4 Nxc4 19. Bxc5 dxc5 20. Ne4 b6 21.
Kf2 Rd7 22. Rad1 Rad8 23. Ng5 Rxd5 24. Rde1 Rd2+ 25. Kg3 Rxa2 26. Re4 Nd2 0-1

[Event "X Open"]
[Site "Condino ITA"]
[Date "2010.07.26"]
[Round "1"]
[White "Daniel, Jiri"]
[Black "Cesati Cassin, Giorgio"]
[Result "1-0"]
[WhiteElo "2000"]
[BlackElo "1592"]
[PlyCount "39"]
[EventDate "2010.07.26"]

1. e4 c5 2. Nf3 Nc6 3. Bc4 e6 4. Nc3 Be7 5. d4 d5 6. exd5 exd5 7. Bxd5 Nf6 8.
Bxc6+ bxc6 9. O-O O-O 10. Bg5 cxd4 11. Qxd4 Qb6 12. Qxb6 axb6 13. Rfe1 Be6 14.
Nd4 h6 15. Nxe6 fxe6 16. Bh4 Kf7 17. Ne4 g5 18. Bxg5 Nxe4 19. Bxe7 Kxe7 20.
Rxe4 1-0

[Event "X Open"]
[Site "Condino ITA"]
[Date "2010.07.26"]
[Round "1"]
[White "Dappiano, Andrea"]
[Black "Petragnani, Gian Giacomo"]
[Result "1-0"]
[WhiteElo "2033"]
[BlackElo "1674"]
[PlyCount "31"]
[EventDate "2010.07.26"]

1. Nf3 g6 2. g3 Bg7 3. Bg2 d6 4. c4 Nd7 5. O-O e5 6. d3 h6 7. Nc3 Ne7 8. e4 O-O
9. Be3 Kh7 10. Ne1 Nf6 11. h3 Nh5 12. Nd5 Nxd5 13. cxd5 f5 14. exf5 gxf5 15.
Qxh5 f4 16. Bd2 1-0

[Event "X Open"]
[Site "Condino ITA"]
[Date "2010.07.26"]
[Round "1"]
[White "De Nisi, Roberta"]
[Black "Qendro, Llambi"]
[Result "0-1"]
[WhiteElo "1900"]
[BlackElo "2356"]
[PlyCount "44"]
[EventDate "2010.07.26"]

1. d4 g6 2. c4 Bg7 3. e4 d6 4. Nc3 Nf6 5. f3 O-O 6. Be3 Nc6 7. Nge2 a6 8. d5
Ne5 9. Nd4 c5 10. Nc2 e6 11. Qd2 exd5 12. Nxd5 Nxd5 13. cxd5 f5 14. Bg5 Qb6 15.
Rb1 fxe4 16. f4 Nd3+ 17. Bxd3 exd3 18. Ne3 Re8 19. f5 c4 20. f6 Bxf6 21. Bxf6
Rxe3+ 22. Kf1 Bg4 0-1

[Event "X Open"]
[Site "Condino ITA"]
[Date "2010.07.26"]
[Round "1"]
[White "De Santis, Alessio"]
[Black "Khachab, Ibrahim"]
[Result "0-1"]
[WhiteElo "2348"]
[BlackElo "1891"]
[PlyCount "100"]
[EventDate "2010.07.26"]

1. b3 d6 2. Bb2 Nd7 3. g3 Ngf6 4. Bg2 g6 5. Nf3 Bg7 6. d4 O-O 7. c4 c6 8. O-O
d5 9. cxd5 cxd5 10. Nc3 b6 11. Ne5 Bb7 12. b4 e6 13. f4 Qc7 14. Qb3 Rfc8 15. a4
Ne8 16. b5 Nd6 17. Ba3 Nf6 18. Rac1 Qd8 19. Bxd6 Qxd6 20. Rc2 Rc7 21. Rfc1 Rac8
22. Na2 Bf8 23. Kf2 Ne8 24. Nd3 Rxc2 25. Rxc2 Rxc2 26. Qxc2 Qa3 27. Nac1 Nd6
28. Qc7 Qxa4 29. e3 Qxb5 30. Ne5 Qb2+ 31. Ne2 Ba6 32. Bf1 Bxe2 33. Bxe2 a5 34.
Nd7 Ne4+ 35. Kf3 Bd6 36. Qd8+ Kg7 37. Qxb6 Qxb6 38. Nxb6 Nc3 39. Nc8 Bb4 40.
Na7 a4 41. Nc6 Bd6 42. Na5 Bc7 43. Nc6 a3 44. Nb4 a2 45. Nc2 Ba5 46. Bd3 Nb1
47. Ke2 Na3 48. Na1 Bc3 49. Nb3 Nc4 50. e4 Na5 0-1

[Event "X Open"]
[Site "Condino ITA"]
[Date "2010.07.26"]
[Round "1"]
[White "Filosi, Gianluigi"]
[Black "Marguerettaz, Davy"]
[Result "0-1"]
[WhiteElo "1818"]
[BlackElo "2092"]
[PlyCount "56"]
[EventDate "2010.07.26"]

1. Nf3 Nf6 2. g3 d5 3. Bg2 c6 4. d3 Bg4 5. Nbd2 Nbd7 6. O-O e5 7. e4 dxe4 8.
dxe4 Qc7 9. Qe1 Be7 10. a3 O-O 11. b3 b5 12. Bb2 h6 13. h3 Be6 14. g4 Nh7 15.
Nh2 Rfd8 16. Ndf3 Nhf8 17. Rd1 a5 18. Qe3 a4 19. b4 Ng6 20. Qc1 c5 21. h4 cxb4
22. h5 bxa3 23. Ba1 Nf4 24. Rfe1 f6 25. Nh4 b4 26. g5 fxg5 27. Ng6 Nxg6 28.
hxg6 b3 0-1

[Event "X Open"]
[Site "Condino ITA"]
[Date "2010.07.26"]
[Round "1"]
[White "Gallucci, Alessio"]
[Black "Weinberg, Emanuele"]
[Result "1-0"]
[WhiteElo "2155"]
[BlackElo "1843"]
[PlyCount "79"]
[EventDate "2010.07.26"]

1. e4 c6 2. Nc3 g6 3. d4 Bg7 4. Be3 d6 5. Qd2 h5 6. O-O-O Na6 7. h3 Nc7 8. Kb1
b6 9. Nge2 Ba6 10. g3 d5 11. e5 Nh6 12. Bg2 Nf5 13. f4 Nxe3 14. Qxe3 Bc8 15.
Bf3 e6 16. g4 h4 17. Ng1 Qe7 18. Be2 c5 19. Nf3 cxd4 20. Nxd4 Bd7 21. Ncb5 Nxb5
22. Nxb5 Qc5 23. Qxc5 bxc5 24. Nc7+ Ke7 25. Nxa8 Rxa8 26. c4 d4 27. Bf3 Rb8 28.
g5 Ba4 29. Rd3 Rb4 30. Rc1 Kd7 31. Ra3 Kc8 32. b3 Bd7 33. Rxa7 Bf8 34. Ra8+ Rb8
35. Rxb8+ Kxb8 36. Rg1 Be7 37. Rg4 Kc8 38. Rxh4 Kd8 39. Rh8+ Kc7 40. h4 1-0

[Event "X Open"]
[Site "Condino ITA"]
[Date "2010.07.26"]
[Round "1"]
[White "Garonzi, Martino"]
[Black "Menon, Michele"]
[Result "0-1"]
[WhiteElo "2055"]
[BlackElo "1733"]
[PlyCount "68"]
[EventDate "2010.07.26"]

1. e4 d6 2. d4 Nf6 3. Nc3 c6 4. Nf3 Bg4 5. h3 Bh5 6. Be2 e6 7. Bg5 Be7 8. Qd2
d5 9. e5 Nfd7 10. Bxe7 Qxe7 11. g4 Bg6 12. O-O-O c5 13. Nb5 Na6 14. Nd6+ Kf8
15. Nxb7 Nb4 16. Bd3 Bxd3 17. cxd3 cxd4 18. Kb1 Nxe5 19. Nxe5 Qxb7 20. Rc1 f6
21. Nd7+ Qxd7 22. Qxb4+ Kf7 23. Rc5 Rab8 24. Qxd4 Rb7 25. Rhc1 Rhb8 26. b3 Kg8
27. Rc6 Rb6 28. Rc7 Qd6 29. Rxa7 Rc6 30. Re1 e5 31. Qa4 Qc5 32. Qa5 Qc2+ 33.
Ka1 Rc5 34. Qa3 Qc3+ 0-1

[Event "X Open"]
[Site "Condino ITA"]
[Date "2010.07.26"]
[Round "1"]
[White "Girelli, Sergio"]
[Black "Bini, Massimo"]
[Result "1/2-1/2"]
[WhiteElo "1705"]
[BlackElo "2044"]
[PlyCount "38"]
[EventDate "2010.07.26"]

1. e4 e5 2. Nf3 Nf6 3. Nxe5 d6 4. Nf3 Nxe4 5. Nc3 Nxc3 6. dxc3 Be7 7. Be3 O-O
8. Qd2 Re8 9. O-O-O c5 10. Bc4 Be6 11. Bd5 Nc6 12. Ng5 Bxg5 13. Bxg5 Qa5 14.
Kb1 Qa6 15. Rhe1 Ne5 16. Bxe6 Rxe6 17. b3 Qb6 18. Qd5 Rae8 19. Re4 a5 1/2-1/2

[Event "X Open"]
[Site "Condino ITA"]
[Date "2010.07.26"]
[Round "1"]
[White "Lezzerini, Marco"]
[Black "Bonugli, Carlo"]
[Result "0-1"]
[WhiteElo "1672"]
[BlackElo "2032"]
[PlyCount "52"]
[EventDate "2010.07.26"]

1. Nf3 Nf6 2. g3 g6 3. Bg2 Bg7 4. O-O O-O 5. d3 d5 6. c3 c5 7. Nbd2 Nc6 8. e4
e5 9. a4 dxe4 10. Nxe4 Nxe4 11. dxe4 Qc7 12. Qc2 Be6 13. Be3 Na5 14. Nd2 Rad8
15. Rfd1 b6 16. h4 Nb7 17. Nf3 Nd6 18. b3 h6 19. Kh2 f5 20. exf5 Bxf5 21. Qb2
Bg4 22. Ne1 Bxd1 23. Rxd1 Nf5 24. Bd2 Rd6 25. Be4 Ne7 26. Qc2 Rxf2+ 0-1

[Event "X Open"]
[Site "Condino ITA"]
[Date "2010.07.26"]
[Round "1"]
[White "Mombelli, Antonio"]
[Black "Panjkovic, Aleksandar"]
[Result "0-1"]
[WhiteElo "1839"]
[BlackElo "2121"]
[PlyCount "52"]
[EventDate "2010.07.26"]

1. e4 d6 2. d4 Nf6 3. Nc3 g6 4. Be3 c6 5. Bd3 b5 6. h3 Nbd7 7. Nf3 Nb6 8. Nd2
Bg7 9. O-O O-O 10. Ne2 Bb7 11. f4 Nfd7 12. c3 a6 13. e5 c5 14. exd6 exd6 15.
Qc2 f5 16. c4 d5 17. b3 Rc8 18. Qb1 Re8 19. Bf2 Ba8 20. a4 dxc4 21. bxc4 cxd4
22. cxb5 axb5 23. Qxb5 Nc5 24. Rfc1 Nbxa4 25. Qb4 Nxd3 26. Qb3+ Qd5 0-1

[Event "X Open"]
[Site "Condino ITA"]
[Date "2010.07.26"]
[Round "1"]
[White "Panjkovic, Stefan"]
[Black "Oppici, Gabriele"]
[Result "0-1"]
[WhiteElo "1608"]
[BlackElo "2010"]
[PlyCount "72"]
[EventDate "2010.07.26"]

1. d4 Nc6 2. c3 d5 3. Bf4 e6 4. e3 Bd6 5. Bg3 Nf6 6. Bd3 e5 7. dxe5 Nxe5 8.
Bxe5 Bxe5 9. Nf3 Bd6 10. Nbd2 O-O 11. O-O Re8 12. Qc2 Qe7 13. Rfe1 Ne4 14. Qb3
c6 15. Bxe4 dxe4 16. Nd4 Qh4 17. Nf1 Bc7 18. a4 Rb8 19. Qc2 Bg4 20. b4 Rbd8 21.
a5 a6 22. c4 Be5 23. Qc3 Qf6 24. h3 Rxd4 25. exd4 Bxd4 26. Qc2 Bxa1 27. hxg4
Bd4 28. Ne3 g6 29. Nd1 Qf4 30. Nc3 e3 31. Re2 exf2+ 32. Kf1 Rxe2 33. Nxe2 Qh2
34. Nxd4 Qg1+ 35. Ke2 f1=Q+ 36. Kd2 Qxd4+ 0-1

[Event "X Open"]
[Site "Condino ITA"]
[Date "2010.07.26"]
[Round "1"]
[White "Pichler, Christoph"]
[Black "Brunello, Marina"]
[Result "0-1"]
[WhiteElo "1867"]
[BlackElo "2216"]
[PlyCount "72"]
[EventDate "2010.07.26"]

1. e4 c5 2. Nf3 d6 3. d4 cxd4 4. Nxd4 Nf6 5. Nc3 a6 6. Be2 e5 7. Nb3 Be7 8. O-O
O-O 9. Be3 Be6 10. h3 Nbd7 11. Qd2 Qc7 12. Rad1 Rac8 13. f4 exf4 14. Bxf4 Ne5
15. Nd4 Rfd8 16. Nxe6 fxe6 17. Qe3 b5 18. a3 Kh8 19. Kh1 Rf8 20. Qg3 Rcd8 21.
Rd4 Ng6 22. Bg5 Qc5 23. Rfd1 Rf7 24. h4 Rdf8 25. Be3 Qc7 26. Bg5 Ne5 27. Bf4
Nh5 28. Bxh5 Rxf4 29. Be2 Bxh4 30. Qh3 Bf2 31. g3 R4f6 32. Rxd6 Rh6 33. Bh5 g6
34. Qxe6 Rxh5+ 35. Kg2 Nc4 36. g4 Ne3# 0-1

[Event "X Open"]
[Site "Condino ITA"]
[Date "2010.07.26"]
[Round "1"]
[White "Pipitone, Antonio"]
[Black "Trifoni, Giorgio"]
[Result "1-0"]
[WhiteElo "2044"]
[BlackElo "1699"]
[PlyCount "54"]
[EventDate "2010.07.26"]

1. e4 b6 2. d4 Bb7 3. Nc3 e6 4. Nf3 Bb4 5. Bd3 Ne7 6. O-O Bxc3 7. bxc3 d6 8.
Bg5 h6 9. Be3 g5 10. Qe2 a5 11. Nd2 Nd7 12. f4 gxf4 13. Bxf4 Ng6 14. Bg3 Qe7
15. Rab1 h5 16. h3 h4 17. Bh2 O-O-O 18. Ba6 Rdg8 19. Bxb7+ Kxb7 20. Nc4 Kc8 21.
Nxa5 Nb8 22. Nc4 f6 23. Nxb6+ cxb6 24. Rxb6 e5 25. Rfb1 Nd7 26. Qa6+ Kc7 27.
Rc6+ Kd8 1-0

[Event "X Open"]
[Site "Condino ITA"]
[Date "2010.07.26"]
[Round "1"]
[White "Pretto, Aldo"]
[Black "Gardi, Giuseppe"]
[Result "0-1"]
[WhiteElo "1694"]
[BlackElo "2034"]
[PlyCount "52"]
[EventDate "2010.07.26"]

1. Nf3 g6 2. g3 Bg7 3. Bg2 d6 4. O-O e5 5. d3 Nc6 6. Nbd2 Nge7 7. e4 O-O 8. a4
Bd7 9. Nc4 Qc8 10. c3 Bh3 11. Bxh3 Qxh3 12. Be3 h6 13. Nh4 Kh7 14. Ng2 f5 15.
f4 fxe4 16. dxe4 Qe6 17. Qe2 d5 18. exd5 Nxd5 19. Bd4 Nxd4 20. cxd4 e4 21. Ne5
Nf6 22. Qc2 Qb6 23. Rad1 Rad8 24. Qf2 Nd7 25. Ne3 Qb3 26. Qg2 Qxe3+ 0-1

[Event "X Open"]
[Site "Condino ITA"]
[Date "2010.07.26"]
[Round "1"]
[White "Ravazzolo, Gaia"]
[Black "Volpinari, Danilo"]
[Result "0-1"]
[WhiteElo "1736"]
[BlackElo "2056"]
[PlyCount "64"]
[EventDate "2010.07.26"]

1. d4 Nf6 2. c4 c5 3. d5 b5 4. cxb5 a6 5. e3 axb5 6. Bxb5 Qa5+ 7. Nc3 Bb7 8.
Bc4 g6 9. Nf3 Bg7 10. O-O O-O 11. e4 d6 12. Qb3 Ba6 13. Nd2 Nbd7 14. Qc2 Rfb8
15. b3 Ne5 16. Bb2 Nxc4 17. Nxc4 Bxc4 18. bxc4 Rxb2 19. Qxb2 Nxe4 20. Qe2 Nxc3
21. Qxe7 Nxd5 22. cxd5 Bxa1 23. Rxa1 Qc3 24. Rf1 Rxa2 25. Qxd6 Qd4 26. Qb8+ Kg7
27. Qb3 Rd2 28. h3 c4 29. Qf3 c3 30. Rc1 c2 31. Kh2 Rxf2 32. Qb3 Qf4+ 0-1

[Event "X Open"]
[Site "Condino ITA"]
[Date "2010.07.26"]
[Round "1"]
[White "Salvotti, James"]
[Black "Giacometto, Mario"]
[Result "0-1"]
[WhiteElo "1582"]
[BlackElo "1967"]
[PlyCount "96"]
[EventDate "2010.07.26"]

1. a3 g6 2. c3 Bg7 3. d4 Nf6 4. Nf3 O-O 5. Bf4 b6 6. e3 Bb7 7. Bd3 Be4 8. Bxe4
Nxe4 9. Nbd2 Nxd2 10. Qxd2 d5 11. h4 h5 12. Ne5 Bxe5 13. Bxe5 Nd7 14. Bf4 Nf6
15. f3 Qd7 16. O-O-O Rfd8 17. Be5 Ne8 18. g4 f6 19. gxh5 fxe5 20. Rdg1 exd4 21.
Rxg6+ Kf7 22. Qxd4 Nf6 23. Qe5 Rg8 24. Rhg1 Rxg6 25. hxg6+ Kg7 26. Rh1 Qd6 27.
Qg5 Ng8 28. h5 Nh6 29. Rd1 c6 30. e4 e6 31. f4 Rf8 32. e5 Qd8 33. Qg3 Rf5 34.
Rh1 Qf8 35. Rh4 Qc5 36. Kb1 Qc4 37. Qe3 Qe4+ 38. Qxe4 dxe4 39. Kc2 Ng8 40. Kd2
Kh6 41. Ke3 Rxh5 42. Rxh5+ Kxh5 43. g7 Kg6 44. Kxe4 Kxg7 45. f5 exf5+ 46. Kxf5
Kf7 47. c4 Ne7+ 48. Ke4 Ke6 0-1

[Event "X Open"]
[Site "Condino ITA"]
[Date "2010.07.26"]
[Round "1"]
[White "Sanzani, Pierluigi"]
[Black "Gorelli Fagiolini, Marco"]
[Result "0-1"]
[WhiteElo "1848"]
[BlackElo "2179"]
[PlyCount "66"]
[EventDate "2010.07.26"]

1. e4 e6 2. d4 d5 3. Nd2 c5 4. exd5 exd5 5. Ngf3 Nf6 6. c3 Be7 7. Bd3 O-O 8.
O-O Nc6 9. h3 cxd4 10. cxd4 Re8 11. Re1 Bd7 12. Nf1 Qb6 13. Ng3 Bd6 14. Rxe8+
Rxe8 15. Ne2 Ne4 16. Bf4 Bxf4 17. Nxf4 Qxb2 18. Bxe4 dxe4 19. Rb1 Qxa2 20. Ne5
Nxe5 21. dxe5 Bc6 22. Ra1 Qb2 23. Ra5 Qb6 24. Qa1 e3 25. Ra2 exf2+ 26. Rxf2 Qe3
27. e6 fxe6 28. Nh5 Qg5 29. Nf4 Qc5 30. Nd3 Qe3 31. Ne5 Rf8 32. Ng4 Qc5 33. Qe1
Rxf2 0-1

[Event "X Open"]
[Site "Condino ITA"]
[Date "2010.07.26"]
[Round "1"]
[White "Schaberg, Wolfgang"]
[Black "Varzi, Florian"]
[Result "1-0"]
[WhiteElo "1945"]
[BlackElo "1467"]
[PlyCount "65"]
[EventDate "2010.07.26"]

1. e4 d6 2. d4 Nf6 3. Nc3 c6 4. f4 e6 5. Nf3 d5 6. e5 Nfd7 7. Bd3 c5 8. O-O
cxd4 9. Ne2 Bc5 10. Qe1 Nc6 11. a3 a5 12. Kh1 a4 13. Bd2 f6 14. Qg3 Qe7 15.
Bxh7 Kd8 16. Bd3 f5 17. Ng5 Kc7 18. b4 axb3 19. cxb3 Rxa3 20. Rxa3 Bxa3 21. b4
Bxb4 22. Bxb4 Qxb4 23. Nxe6+ Kb8 24. Bxf5 Ne7 25. N6xd4 Nxf5 26. Nxf5 Rf8 27.
Ne3 Qe4 28. Nc3 Qd3 29. Ncxd5 Nxe5 30. Qxg7 Nd7 31. Qe7 Rh8 32. Qd6+ Ka7 33.
Qb6+ 1-0